Spanish IR Verbs Conjugations - Statistics

General Stats
  • This quiz has been taken 289 times
    235 since last reset
  • The average score is 16 of 27
Answer Stats
Hint Answer % Correct
yo-vivir vivo
99%
tú-abrir abres
89%
él-compartir comparte
87%
tú vivir vives
87%
ella-cubrir cubre
85%
nosotros-describir describimos
85%
ud-dividir divide
84%
ellos-recibir reciben
82%
uds-escribir escriben
79%
I open abro
70%
I describe describo
63%
we permit permitimos
63%
they live viven
62%
she describes describe
60%
they cover cubren
58%
he divides divide
58%
I receive recibo
55%
we share compartimos
53%
you (inf) write escribes
49%
you (formal) open abre
44%
we live vivimos
40%
they permit permiten
33%
he covers cubre
29%
we receive recibimos
28%
you (all) share comparten
24%
we cover cubrimos
21%
you (all) open abren
20%
No matching quizzes found
Score Distribution
Percent of People with Each Score
Percentile by Number Answered
Your Score History
You have not taken this quiz since the last reset